01128nam a2200289Ia 4500001001200000003000800012006001900020007001500039008004100054020001800095020001800113040002100131035002100152050002700173245009500200260004700295300003500342504005100377533015200428650002600580650002700606655002900633700001600662710001700678856012600695999001700821ebr10601794CaPaEBRm u cr cn|||||||||120927s2012 ilua sb 001 0 eng d z9781608050253 z9781608054343 aCaPaEBRcCaPaEBR a(OCoLC)81547636314aQH588.S83bC667 2012eb00aComputational biology of embryonic stem cellsh[electronic resource] /ceditor, Ming Zhan. a[Oak Park, Ill. :bBentham Science,c2012] aix, 250 p. :bill. (some col.) aIncludes bibliographical references and index. aElectronic reproduction.bPalo Alto, Calif. :cebrary,d2011.nAvailable via World Wide Web.nAccess may be limited to ebrary affiliated libraries. 0aEmbryonic stem cells. 0aComputational biology. 7aElectronic books.2local1 aZhan, Ming.2 aebrary, Inc.40uhttp://site.ebrary.com/lib/rucke/Doc?id=10601794zAn electronic book accessible through the World Wide Web; click to view c98287d98287